Statistics for 1984 NBA draft

Click here to take the quiz!

General Stats

  • This quiz has been taken 161 times
  • The average score is 5 of 24

Answer Stats

pickcollege/clubTeamAnswer% Correct
3North CarolinaChicago BullsMichael Jordan
100%
1HoustonHouston RocketsHakeem Olajuwon
91%
5AuburnPhiladelphia 76ersCharles Barkley
77%
2KentuckyPortland Trail BlazersSam Bowie
63%
16GonzagaUtah JazzJohn Stockton
59%
4North CarolinaDallas MavericksSam Perkins
33%
7ArkansasSan Antonio SpursAlvin Robertson
19%
23UDCLos Angeles LakersEarl Jones
17%
11Michigan StAtlanta HawksKevin Willis
9%
19Fresno StPortland Trail BlazersBernard Thompson
8%
24HoustonBoston CelticsMichael Young
8%
14San Diego StLos Angeles ClippersMichael Cage
7%
18GeorgiaIndiana PacersVern Fleming
6%
12MichiganCleveland CavaliersTim McCormick
5%
10Cal State FullertonPhiladelphia 76ersLeon Wood
4%
17VanderbiltNew Jersey NetsJeff Turner
4%
8LousivilleLos Angeles ClippersLacaster Gordon
4%
13ColoradoPhoenix SunsJay Humphries
4%
15TempleDallas MavericksTerence Stansbury
3%
9ProvidenceKansas City KingsOtis Thorpe
3%
20Ohio StDetroit PistonsTony Campbell
3%
21UCLAMilwaukee BucksKenny Fields
3%
22LamarPhiladelphia 76ersTom Sewell
3%
6KentuckyWashington BulletsMelvin Tupin
0%

Score Distribution

Percentile by Number Answered

Percent of People with Each Score

Your Score History

You have not taken this quiz